| 000 | 01434cam a2200373 a 4500 | ||
|---|---|---|---|
| 999 |
_c342429 _d342429 |
||
| 001 | 3524570 | ||
| 003 | NUST | ||
| 005 | 20171227104929.0 | ||
| 008 | 960502s1996 nyuaf 001 0 eng | ||
| 010 | _a 96020956 | ||
| 020 | _a0812963741 (acidfree paper) | ||
| 040 |
_aDLC _cDLC _dDLC |
||
| 043 | _aa-cc--- | ||
| 050 | 0 | 0 |
_aHV8964.C5 _bW85 1996 |
| 082 | 0 | 0 |
_a365.450951 _bHAR |
| 100 | 1 |
_aWu, Hongda Harry. _97651 |
|
| 245 | 1 | 0 |
_aTroublemaker : _bone man's crusade against China's cruelty / _cHarry Wu, with George Vecsey. |
| 250 | _a1st ed. | ||
| 260 |
_aNew York : _bTimes Books, _c1996. |
||
| 300 |
_aviii, 328 p., [8] p. of plates : _bill. ; _c24 cm. |
||
| 500 | _aIncludes index. | ||
| 500 | _aMap of China, Russia, and other Eastern countries on end papers. | ||
| 600 | 1 | 0 |
_aWu, Hongda Harry. _97651 |
| 650 | 0 |
_aConcentration camps _zChina. _97652 |
|
| 650 | 0 |
_aPolitical prisoners _zChina. _97653 |
|
| 650 | 0 |
_aForced labor _zChina. _97654 |
|
| 650 | 0 |
_aHuman rights _zChina. _97655 |
|
| 700 | 1 |
_aVecsey, George. _97656 |
|
| 856 | 4 | 2 |
_3Publisher description _uhttp://www.loc.gov/catdir/description/random0411/96020956.html |
| 906 |
_a7 _bcbc _corignew _d1 _eocip _f19 _gy-gencatlg |
||
| 942 |
_2ddc _cBK |
||